| 000 | 00462nam a2200169 i 4500 | ||
|---|---|---|---|
| 001 | 53490 | ||
| 003 | ES-MaACL | ||
| 005 | 20250813092536.0 | ||
| 007 | t| | ||
| 008 | 031028s1893 sp ||||1| spa d | ||
| 111 | 2 |
_aExposición Histórico-Europea _d(1892. _cMadrid) _9690 |
|
| 245 | 1 | 0 | _aExposición Histórico-Europea de Madrid. |
| 260 |
_aMadrid : _bLaurent, _c1893. |
||
| 300 |
_a1 v. ; _c40x29 cm. |
||
| 852 |
_aES-MaACL _jC-1055 |
||
| 999 |
_c53490 _d53490 |
||